[Event "European Blitz 2017"]
[Site "Katowice POL"]
[Date "2017.12.15"]
[Round "22.53"]
[White "Shkapenko, Pavel"]
[Black "Bednarek, Sylwester"]
[Result "1-0"]
[WhiteTitle "IM"]
[BlackTitle "FM"]
[WhiteElo "2431"]
[BlackElo "2307"]
[WhiteFideId "4151933"]
[BlackFideId "1101811"]
[EventDate "2017.12.15"]
[EventType "blitz"]

1. e4 e6 2. d4 d5 3. exd5 exd5 4. Nf3 Nc6 5. h3 Bf5 6. a3 Bd6 7. c4 dxc4 8. Bxc4
Qe7+ 9. Be3 Bf4 10. O-O Bxe3 11. Re1 O-O-O 12. Rxe3 Qf6 13. Nc3 Nxd4 14. Nd5
Nxf3+ 15. Qxf3 Qg6 16. Rc1 Be6 17. Nxc7 Kxc7 18. Bd3+ Kb8 19. Bxg6 hxg6 20. Qf4+
Ka8 21. Rec3 Nf6 22. Rc5 Bd5 23. b4 Rhe8 24. b5 Be6 25. a4 Nd5 26. Qg3 b6 27.
R5c2 Kb7 28. a5 bxa5 29. Qa3 Rc8 30. Qxa5 Rxc2 31. Rxc2 Nb6 32. Rc1 Rc8 33. Ra1
Ra8 34. Qc3 Rc8 35. Qa3 Ra8 36. Qe7+ Nd7 37. Qd6 Rc8 38. Qa6+ Kc7 39. Rc1+ 1-0

[Event "European Blitz 2017"]
[Site "Katowice POL"]
[Date "2017.12.15"]
[Round "22.54"]
[White "De Filomeno, Simone"]
[Black "Shubin, Kirill"]
[Result "0-1"]
[WhiteTitle "IM"]
[BlackTitle "FM"]
[WhiteElo "2429"]
[BlackElo "2287"]
[WhiteFideId "828688"]
[BlackFideId "34119962"]
[EventDate "2017.12.15"]
[EventType "blitz"]

1. d4 e6 2. Nf3 Nf6 3. g3 b5 4. a4 b4 5. Nbd2 Bb7 6. Nc4 Be7 7. Bg2 O-O 8. O-O
Bd5 9. b3 Ne4 10. Bb2 a5 11. Nfe5 d6 12. Nd3 f5 13. Nf4 c6 14. f3 Nf6 15. e4 g5
16. exd5 gxf4 17. dxe6 fxg3 18. hxg3 Na6 19. Qd3 Nd5 20. Ne3 Nxe3 21. Qxe3 f4
22. gxf4 Nc7 23. Qe4 Nd5 24. f5 Qe8 25. Rae1 Kh8 26. Bc1 Rg8 27. Kf2 Qf8 28. Rh1
Qg7 29. Reg1 Bf6 30. Be3 Nxe3 31. Kxe3 c5 32. Kd3 d5 33. Qg4 c4+ 34. Ke2 Qa7 35.
Qh5 Rg7 36. Qh6 Qxd4 37. Rd1 Qe5+ 38. Kf2 Qxf5 39. Rh5 Qxc2+ 40. Rd2 0-1

[Event "European Blitz 2017"]
[Site "Katowice POL"]
[Date "2017.12.15"]
[Round "22.55"]
[White "Bartel, Michal"]
[Black "Oglaza, Oskar"]
[Result "0-1"]
[WhiteTitle "FM"]
[WhiteElo "2360"]
[BlackElo "2245"]
[WhiteFideId "1119257"]
[BlackFideId "1194402"]
[EventDate "2017.12.15"]
[EventType "blitz"]

1. e4 c5 2. Ne2 Nf6 3. e5 Nd5 4. Nbc3 Nxc3 5. dxc3 Nc6 6. Bf4 g6 7. Bg3 Bg7 8.
f4 Qb6 9. b3 O-O 10. Qd5 d6 11. exd6 exd6 12. O-O-O Be6 13. Qf3 d5 14. Bf2 Rad8
15. g4 d4 16. c4 Qa5 17. Kb1 d3 18. cxd3 Qa3 19. Rd2 Bxg4 20. Qg3 Rxd3 21. Qxd3
Bf5 22. Qxf5 gxf5 23. Rg1 Kh8 24. Nc1 Nd4 25. Bg2 Qa5 26. Be1 Qc7 27. Nd3 Re8
28. Bd5 Ne2 29. Rxe2 Rxe2 30. Bh4 Qa5 0-1

[Event "European Blitz 2017"]
[Site "Katowice POL"]
[Date "2017.12.15"]
[Round "22.56"]
[White "Lewtak, Damian"]
[Black "Rodshtein, Maxim"]
[Result "1/2-1/2"]
[BlackTitle "GM"]
[WhiteElo "2358"]
[BlackElo "2699"]
[WhiteFideId "1141724"]
[BlackFideId "2806851"]
[EventDate "2017.12.15"]
[EventType "swiss"]

1. e4 e6 2. d3 d5 3. Nd2 c5 4. g3 Nc6 5. Bg2 Nf6 6. Ngf3 g6 7. O-O Bg7 8. Re1
O-O 9. Qe2 b5 10. a4 b4 11. Nb3 Qb6 12. Be3 d4 13. Bg5 Nd7 14. Nbd2 Qc7 15. Nc4
Ba6 16. b3 Rae8 17. Rad1 h6 18. Bc1 g5 19. h4 Bxc4 20. dxc4 g4 21. Nh2 h5 22.
Bf4 Nde5 23. f3 f5 24. fxg4 fxg4 25. Rf1 Qd7 26. Rf2 Rf7 27. Rdf1 Ref8 28. Qd2
Ng6 29. e5 Ncxe5 30. Be4 d3 31. cxd3 Nxf4 32. Rxf4 Rxf4 33. Rxf4 Rxf4 34. Qxf4
Nxd3 35. Qb8+ Bf8 36. Kg2 Qd4 37. Qb7 Qf2+ 38. Kh1 Qe1+ 39. Kg2 Qe2+ 40. Kg1
Qf2+ 41. Kh1 Qe1+ 42. Kg2 Qf2+ 43. Kh1 1/2-1/2

[Event "European Blitz 2017"]
[Site "Katowice POL"]
[Date "2017.12.15"]
[Round "22.57"]
[White "Kovalev, Denis"]
[Black "Cherepov, Alexej"]
[Result "1-0"]
[WhiteTitle "IM"]
[WhiteElo "2504"]
[BlackElo "2156"]
[WhiteFideId "14104059"]
[BlackFideId "13503650"]
[EventDate "2017.12.15"]
[EventType "blitz"]

1. Nf3 Nf6 2. c4 c5 3. Nc3 d5 4. cxd5 Nxd5 5. g3 Nc6 6. Bg2 Nc7 7. a3 g6 8. b4
Bg7 9. bxc5 Ne6 10. O-O Nxc5 11. Bb2 O-O 12. Rb1 e5 13. d3 Be6 14. Nd2 Nd4 15.
Ba1 Qd7 16. Nde4 Nxe4 17. Nxe4 b6 18. e3 Nf5 19. Ng5 Rad8 20. Nxe6 Qxe6 21. Qe2
Qd6 22. Rb3 Ne7 23. Rc1 Rc8 24. Qd1 Rfd8 25. Bb2 Nd5 26. Rxc8 Rxc8 27. Qf3 Ne7
28. h4 h5 29. Qe4 Qe6 30. Rc3 Rxc3 31. Bxc3 Qd6 32. Qa8+ Kh7 33. Qxa7 Bf6 34.
Bb4 Qe6 35. Qb7 Kg7 36. Be4 Nf5 37. Bd5 Qe8 38. Qxb6 Qd7 39. Qb7 Qe8 40. a4 1-0

[Event "European Blitz 2017"]
[Site "Katowice POL"]
[Date "2017.12.15"]
[Round "22.58"]
[White "Paszewski, Mateusz"]
[Black "Mikhalchishin, Adrian"]
[Result "1/2-1/2"]
[WhiteTitle "FM"]
[BlackTitle "GM"]
[WhiteElo "2307"]
[BlackElo "2479"]
[WhiteFideId "1141058"]
[BlackFideId "14602385"]
[EventDate "2017.12.15"]
[EventType "swiss"]

1. c4 e5 2. g3 Nf6 3. Bg2 c6 4. Nf3 e4 5. Nd4 d5 6. d3 Qb6 7. Nc2 exd3 8. Qxd3
dxc4 9. Qxc4 Be6 10. Qa4 Nbd7 11. Nc3 Bc5 12. O-O O-O 13. Qh4 Ne5 14. Na4 Qa5
15. Nxc5 Qxc5 16. Ne3 Rad8 17. b3 Rd4 18. Ba3 Qb6 19. Qg5 Qa5 20. f4 Qxa3 21.
Qxe5 Rfd8 22. Rad1 Rxd1 23. Rxd1 Rxd1+ 24. Nxd1 h6 25. Qb2 Qc5+ 26. e3 Bg4 27.
Nf2 Qxe3 28. Qe5 Qc1+ 29. Bf1 Be6 30. Qb8+ Kh7 31. Qxa7 Nd5 32. Nd3 Qb1 33. Qf2
Bh3 34. Ne1 Bxf1 35. Kxf1 Nb4 36. Qd2 Nxa2 37. Qd3+ Qxd3+ 38. Nxd3 Kg6 39. Ke2
Nc3+ 40. Ke3 Kf5 41. h3 Ke6 42. Nc5+ Kd5 43. Nxb7 Nb5 44. Nd8 f6 45. Nb7 Nd4 46.
Na5 h5 47. g4 hxg4 48. hxg4 Nc2+ 49. Kf3 Nd4+ 50. Ke3 g6 51. Kd3 Ne6 52. Ke3 Nc5
53. Kf3 Ne6 54. Ke3 f5 55. gxf5 gxf5 56. Kf3 Nd4+ 57. Ke3 c5 58. Kd3 Ne6 59. Ke3
Nd4 60. Kf2 Ke4 61. Nb7 1/2-1/2

[Event "European Blitz 2017"]
[Site "Katowice POL"]
[Date "2017.12.15"]
[Round "22.59"]
[White "Fedorov, Evgueny"]
[Black "Zelcic, Robert"]
[Result "1-0"]
[BlackTitle "GM"]
[WhiteElo "2241"]
[BlackElo "2501"]
[WhiteFideId "4188004"]
[BlackFideId "14500310"]
[EventDate "2017.12.15"]
[EventType "blitz"]

1. e4 c6 2. d4 d5 3. exd5 cxd5 4. c4 Nf6 5. Nc3 g6 6. Qb3 Bg7 7. cxd5 Nbd7 8.
Be2 Nb6 9. Bf3 Bg4 10. Bxg4 Nxg4 11. Qb5+ Qd7 12. Qxd7+ Kxd7 13. Nge2 Nf6 14.
Nf4 Rhd8 15. O-O Ke8 16. Re1 Nbxd5 17. Nfxd5 Nxd5 18. Bg5 Nxc3 19. Bxe7 Nd5 20.
Bxd8+ Kxd8 21. a3 Rc8 22. Rac1 Rxc1 23. Rxc1 Kd7 24. Rd1 Ne7 25. b4 Nf5 26. d5
Nd4 27. Kf1 Kd6 28. Rc1 Kd7 29. Rd1 Nb5 30. Rd3 Be5 31. g3 f5 32. f4 Bf6 33. Kf2
Nc7 34. Kf3 Kd6 35. h3 Nxd5 36. g4 b5 37. gxf5 gxf5 38. Rd2 Ke6 39. Re2+ Kf7 40.
Rd2 Nb6 41. Rc2 Nc4 42. a4 a6 43. axb5 axb5 44. Ra2 Be7 45. Ra7 Ke6 46. Rb7 Nd6
47. Rc7 h5 48. Rc5 h4 49. Re5+ Kd7 50. Rd5 Bd8 51. Ke2 Bb6 52. Kd3 Kc6 53. Re5
Bf2 54. Re6 Kd7 55. Rh6 Bg3 56. Kd4 Ne4 57. Ke5 Nc3 58. Kxf5 Nd5 59. Ke4 Nxf4
60. Rb6 Nxh3 61. Rxb5 Nf4 62. Rg5 Ne2 63. b5 h3 64. Kf3 h2 65. Rh5 Nf4 66. Rh6
Kc7 67. Kxg3 Nd5 68. Kxh2 Kb7 69. Kg3 Nc3 70. Kf4 Nxb5 71. Ke5 Nc3 72. Kd4 Ne2+
73. Kc5 Nf4 74. Rh7+ Kc8 75. Kd6 Nd3 76. Rc7+ Kb8 77. Kc6 Nb4+ 78. Kd6 Na6 79.
Rh7 Nb4 80. Rg7 Na6 81. Kc6 Nb4+ 82. Kc5 Nd3+ 83. Kc6 Ne5+ 84. Kd6 Nc4+ 85. Kc5
Ne5 86. Rg5 Nd7+ 87. Kc6 Nf6 88. Re5 Ng4 89. Re8+ Ka7 90. Re6 Nf2 91. Kc7 Nd3
92. Re3 Nc5 93. Ra3+ Na6+ 94. Kc6 1-0

[Event "European Blitz 2017"]
[Site "Katowice POL"]
[Date "2017.12.15"]
[Round "22.61"]
[White "Krejci, Jan2"]
[Black "Wachinger, Nikolas"]
[Result "1-0"]
[WhiteTitle "GM"]
[WhiteElo "2570"]
[BlackElo "2243"]
[WhiteFideId "322156"]
[BlackFideId "12962791"]
[EventDate "2017.12.15"]
[EventType "blitz"]

1. d4 Nf6 2. c4 g6 3. Nc3 Bg7 4. g3 O-O 5. Bg2 d6 6. Nf3 Nc6 7. O-O a6 8. Re1
Rb8 9. Rb1 b5 10. cxb5 axb5 11. b4 d5 12. Ne5 Nxe5 13. dxe5 Nd7 14. Qxd5 Nxe5
15. Bf4 Be6 16. Qc5 Nd7 17. Qe3 c6 18. Bxb8 Nxb8 19. Rbd1 Qc7 20. Ne4 Bd5 21.
Nc5 e6 22. Qf4 Qa7 23. e4 Bc4 24. e5 Bd5 25. Bxd5 cxd5 26. Ra1 Nc6 27. a4 bxa4
28. Rxa4 Qb8 29. Nd7 Qb5 30. Ra2 Rd8 31. Nf6+ Bxf6 32. exf6 Qxb4 33. Qxb4 Nxb4
34. Ra4 Nd3 35. Rea1 Nc5 36. Ra8 1-0

[Event "European Blitz 2017"]
[Site "Katowice POL"]
[Date "2017.12.15"]
[Round "22.62"]
[White "Stocek, Jiri"]
[Black "Rigopoulos-Tsigkos, Alexandros"]
[Result "1-0"]
[WhiteTitle "GM"]
[WhiteElo "2566"]
[BlackElo "2117"]
[WhiteFideId "304760"]
[BlackFideId "4215109"]
[EventDate "2017.12.15"]
[EventType "blitz"]

1. d4 d5 2. c4 dxc4 3. Nf3 Nf6 4. Nc3 a6 5. e4 e6 6. Bxc4 b5 7. Bd3 Bb7 8. Qe2
Be7 9. O-O O-O 10. Rd1 Nbd7 11. Bf4 Nh5 12. Be3 Nhf6 13. a3 Rc8 14. b4 c6 15. e5
Nd5 16. Ne4 a5 17. bxa5 Qxa5 18. Bg5 Qd8 19. h4 h6 20. Bxe7 Qxe7 21. Nd6 Rb8 22.
Qe4 f5 23. Qe1 Ba8 24. Rdc1 b4 25. axb4 Rxb4 26. Bc4 Rb2 27. Bxd5 exd5 28. Ra7
Qd8 29. Rca1 Nb6 30. Qc3 Re2 31. Kf1 Re4 32. Nxe4 fxe4 33. Ne1 Qxh4 34. g3 Qh1+
35. Ke2 Rxf2+ 36. Kxf2 Qh2+ 37. Ng2 e3+ 38. Qxe3 Nc4 39. Rxa8+ 1-0

[Event "European Blitz 2017"]
[Site "Katowice POL"]
[Date "2017.12.15"]
[Round "22.63"]
[White "Quilter, Thomas A"]
[Black "Pulpan, Jakub"]
[Result "1-0"]
[BlackTitle "IM"]
[WhiteElo "2195"]
[BlackElo "2400"]
[WhiteFideId "408530"]
[BlackFideId "302759"]
[EventDate "2017.12.15"]
[EventType "blitz"]

1. Nc3 d5 2. e4 d4 3. Nce2 e5 4. Nf3 Nc6 5. Ng3 Be6 6. Bb5 f6 7. O-O Qd7 8. c3
Bc5 9. b4 Bb6 10. a4 a6 11. Bxc6 bxc6 12. cxd4 exd4 13. d3 Ne7 14. e5 f5 15. Ng5
O-O 16. Nh5 h6 17. Nxe6 Qxe6 18. Re1 Nd5 19. Nf4 Nxf4 20. Bxf4 g5 21. Bd2 f4 22.
Rc1 Rf5 23. Qf3 Rxe5 24. Rxe5 Qxe5 25. a5 Ba7 26. Rxc6 Re8 27. h3 Kg7 28. Rxa6
Bb8 29. Qc6 Qd6 30. Qxe8 Qxa6 31. Qxb8 Qxd3 32. Qxc7+ Kg6 33. Qc6+ Kg7 34. Qd7+
Kf8 35. Qd6+ Kf7 36. Qd5+ Kf8 37. a6 Qxa6 38. b5 Qa1+ 39. Kh2 Qb2 40. Qc5+ Kf7
41. Bb4 Qxf2 42. Qd5+ Kg6 43. Qe4+ Kf7 44. Qe7+ Kg6 1-0

[Event "European Blitz 2017"]
[Site "Katowice POL"]
[Date "2017.12.15"]
[Round "22.64"]
[White "Szadkowski, Kamil"]
[Black "Kanarek, Marcel"]
[Result "1/2-1/2"]
[BlackTitle "GM"]
[WhiteElo "2291"]
[BlackElo "2505"]
[WhiteFideId "1123203"]
[BlackFideId "1126822"]
[EventDate "2017.12.15"]
[EventType "blitz"]

1. e4 e5 2. Nf3 Nc6 3. d4 exd4 4. Nxd4 Nf6 5. Nxc6 bxc6 6. e5 Qe7 7. Qe2 Nd5 8.
h4 d6 9. Bg5 Qxe5 10. Qxe5+ dxe5 11. c3 Rb8 12. b3 Bf5 13. Bd2 f6 14. Be2 Be7
15. O-O Kf7 16. c4 Nb4 17. Nc3 Rhd8 18. Be3 Nc2 19. Rad1 a5 20. g4 Be6 21. Bf3
Nxe3 22. fxe3 Bc5 23. Kf2 Ke7 24. Ke2 g6 25. g5 f5 26. Bxc6 Rd6 27. Bd5 c6 28.
Bxe6 Kxe6 29. h5 gxh5 30. Rxd6+ Bxd6 31. Rh1 Rg8 32. Rxh5 Be7 33. Rh6+ Rg6 34.
Rxh7 Rxg5 35. Rh6+ Bf6 36. Kf2 e4 37. Na4 Kf7 38. Nc5 Rg8 39. Nd7 Bc3 40. Rxc6
f4 41. exf4 Bd4+ 42. Kf1 Rg1+ 43. Ke2 Rg2+ 44. Kf1 Rxa2 45. Ne5+ Ke8 46. Re6+
Kf8 47. Nd7+ Kg7 48. Rxe4 Bc3 49. Nc5 Bb4 50. Ne6+ Kf6 51. Nd4 a4 52. bxa4 Rxa4
53. Re6+ Kf7 54. Rc6 Ra2 55. Ne2 Bd2 56. f5 Ra5 57. Nd4 Be3 58. Rd6 Bxd4 59.
Rxd4 Rxf5+ 60. Ke2 Ke6 61. Kd3 Rc5 62. Rd8 Ke7 63. Rd4 Rc8 64. Rd5 Ke6 65. Kd4
Rc7 66. c5 Rd7 67. Ke4 1/2-1/2

[Event "European Blitz 2017"]
[Site "Katowice POL"]
[Date "2017.12.15"]
[Round "22.65"]
[White "Zaleski, Lukasz"]
[Black "Pultinevicius, Paulius"]
[Result "1-0"]
[BlackTitle "IM"]
[WhiteElo "2229"]
[BlackElo "2371"]
[WhiteFideId "1172611"]
[BlackFideId "12809390"]
[EventDate "2017.12.15"]
[EventType "blitz"]

1. e4 c5 2. Nf3 d6 3. d4 cxd4 4. Nxd4 Nf6 5. Nc3 g6 6. f4 Bg7 7. e5 Nfd7 8. e6
Nb6 9. exf7+ Kxf7 10. Be3 Rf8 11. Be2 Nc6 12. O-O Kg8 13. Nxc6 bxc6 14. Bf3 Nc4
15. Bd4 Nxb2 16. Qd2 Nc4 17. Qd3 d5 18. Bxg7 Kxg7 19. Qd4+ e5 20. fxe5 Be6 21.
Rab1 Qe7 22. Rb3 Rab8 23. Rfb1 Rxb3 24. axb3 Nb6 25. Ra1 Rd8 26. Na4 Nxa4 27.
Qxa4 Bf7 28. Qf4 Rf8 29. Qd4 c5 30. Qd2 Qxe5 31. Rxa7 Kg8 32. h3 Be6 33. Re7 Rf7
34. Re8+ Rf8 35. Rxe6 Qa1+ 36. Re1 Qf6 37. Qxd5+ Kg7 38. Qe5 Qxe5 39. Rxe5 Rc8
40. Be2 Kf6 41. Rd5 Re8 42. Bc4 Re1+ 43. Kf2 Rc1 44. Bd3 h5 45. Rxc5 g5 46. Rf5+
Kg6 47. b4 g4 48. hxg4 hxg4 49. Kg3 Rd1 50. Rf1+ 1-0

[Event "European Blitz 2017"]
[Site "Katowice POL"]
[Date "2017.12.15"]
[Round "22.66"]
[White "Maier, Christian"]
[Black "Vaicekauskas, Gytis"]
[Result "1-0"]
[WhiteTitle "IM"]
[WhiteElo "2393"]
[BlackElo "2210"]
[WhiteFideId "4601955"]
[BlackFideId "12805459"]
[EventDate "2017.12.15"]
[EventType "blitz"]

1. e4 e5 2. Nf3 Nc6 3. Bc4 Nf6 4. d3 Be7 5. Bb3 O-O 6. c3 d5 7. Nbd2 h6 8. h3
Be6 9. g4 dxe4 10. dxe4 Bxb3 11. axb3 Qd3 12. Qe2 Rad8 13. Qxd3 Rxd3 14. Ke2
Rfd8 15. Ne1 R3d7 16. b4 a6 17. Nc2 Bf8 18. Rg1 Ne7 19. f3 Ng6 20. Nc4 c5 21. g5
hxg5 22. Bxg5 cxb4 23. cxb4 Rc7 24. N2e3 Nf4+ 25. Kf1 Kh7 26. Nxe5 Nd3 27. Rd1
Nxe5 28. Rxd8 Rc1+ 29. Kf2 Rxg1 30. Bxf6 Nc6 31. Kxg1 1-0

[Event "European Blitz 2017"]
[Site "Katowice POL"]
[Date "2017.12.15"]
[Round "22.67"]
[White "Kreisl, Robert"]
[Black "Valeinis, Janis"]
[Result "1-0"]
[WhiteTitle "IM"]
[WhiteElo "2440"]
[BlackElo "2227"]
[WhiteFideId "1613880"]
[BlackFideId "11601450"]
[EventDate "2017.12.15"]
[EventType "blitz"]

1. Nf3 Nf6 2. g3 g6 3. b3 Bg7 4. Bb2 O-O 5. Bg2 d6 6. d4 Nbd7 7. O-O Re8 8. c4
e5 9. dxe5 Ng4 10. Nc3 Ngxe5 11. Qd2 Nxf3+ 12. exf3 Nc5 13. Rfe1 Bf5 14. Rxe8+
Qxe8 15. Re1 Qd7 16. Nd5 Re8 17. Bxg7 Rxe1+ 18. Qxe1 Kxg7 19. Qc3+ Kh6 20. g4
Be6 21. g5+ Kh5 1-0

[Event "European Blitz 2017"]
[Site "Katowice POL"]
[Date "2017.12.15"]
[Round "22.68"]
[White "Jahncke, Giso"]
[Black "Dorokhin, Mykhailo"]
[Result "0-1"]
[WhiteTitle "FM"]
[WhiteElo "2403"]
[BlackElo "2243"]
[WhiteFideId "24608289"]
[BlackFideId "14114178"]
[EventDate "2017.12.15"]
[EventType "blitz"]

1. Nf3 d5 2. c4 dxc4 3. Na3 c6 4. Nxc4 g6 5. g3 Bg7 6. Bg2 Nf6 7. O-O O-O 8. Re1
Nbd7 9. e4 Nb6 10. Na5 Qd3 11. Bf1 Qd8 12. d4 Nfd7 13. e5 Nb8 14. h3 Nd5 15. Nc4
Na6 16. Bg5 h6 17. Bd2 Nac7 18. Nh4 Ne6 19. Ba5 b6 20. Bc3 Bb7 21. f4 c5 22.
dxc5 Nxc3 23. bxc3 Nxc5 24. f5 Ne4 25. Qg4 Ng5 26. Rad1 Qc7 27. Ne3 Bxe5 28.
fxg6 fxg6 29. Bc4+ Kg7 30. Nd5 Bxd5 31. Bxd5 Bxg3 32. Qd4+ Kh7 33. Re2 Bxh4 34.
Qxh4 e6 35. Bg2 Rf4 36. Qg3 Rf1+ 37. Kxf1 Qxg3 38. Rd7+ Kh8 39. Red2 Rf8+ 40.
Kg1 Nf3+ 41. Kf1 Nxd2+ 42. Ke2 Qxg2+ 0-1

[Event "European Blitz 2017"]
[Site "Katowice POL"]
[Date "2017.12.15"]
[Round "22.69"]
[White "Heinzel, Olaf"]
[Black "Muter, Donny"]
[Result "0-1"]
[WhiteTitle "IM"]
[WhiteElo "2360"]
[BlackElo "2206"]
[WhiteFideId "4626664"]
[BlackFideId "409170"]
[EventDate "2017.12.15"]
[EventType "blitz"]

1. d4 d6 2. Bf4 Nf6 3. e3 g6 4. Be2 Bg7 5. h4 h5 6. Nc3 c6 7. Nh3 Nbd7 8. Ng5 e5
9. dxe5 dxe5 10. Bg3 O-O 11. Bc4 b5 12. Bb3 Qe7 13. Qd3 Kh8 14. O-O-O Ne8 15. f4
a5 16. a4 Nc5 17. Qd8 Qxd8 18. Rxd8 f6 19. Nf7+ Kh7 20. Nd6 Nxd6 21. Rxd6 b4 22.
Ne2 Ne4 23. Rxc6 Bg4 24. Bd5 Nxg3 25. Nxg3 Rad8 26. Bc4 exf4 27. exf4 Bh6 28.
Rf1 Rd4 29. Bd3 Bxf4+ 30. Rxf4 Rxf4 31. b3 Re8 32. Rc5 Re3 33. Nxh5 Rf2 0-1

[Event "European Blitz 2017"]
[Site "Katowice POL"]
[Date "2017.12.15"]
[Round "22.70"]
[White "Kiratzopoulos, Efthimios"]
[Black "Troyke, Christian"]
[Result "1-0"]
[BlackTitle "IM"]
[WhiteElo "2204"]
[BlackElo "2348"]
[WhiteFideId "4207629"]
[BlackFideId "4616278"]
[EventDate "2017.12.15"]
[EventType "blitz"]

1. d4 g6 2. Nf3 Bg7 3. e4 c5 4. c3 cxd4 5. cxd4 d5 6. e5 Bg4 7. Nc3 Nc6 8. Be2
Nh6 9. Qb3 O-O 10. Qxb7 Bxf3 11. Qxc6 Bxg2 12. Rg1 Bh3 13. Qxd5 Nf5 14. Be3 Rb8
15. Qf3 Nxe3 16. fxe3 Bd7 17. b3 Qa5 18. Rc1 Rbc8 19. Bc4 Be6 20. Qe2 Rc7 21.
Kf2 Bxc4 22. bxc4 f6 23. e6 Qf5+ 24. Qf3 Qxe6 25. Qd5 Qxd5 26. Nxd5 Rd7 27. Nf4
Rb8 28. Rc2 e5 29. Nd5 f5 30. Rd1 Kf7 31. Ke2 Rc8 32. Kd3 exd4 33. exd4 Re8 34.
Re2 Rb8 35. Rde1 Bf8 36. Re6 Rb2 37. Rf6+ Kg7 38. Re8 Rxd5 39. Rfxf8 Rd7 40.
Rg8+ Kh6 41. d5 Rxh2 42. Re2 Rxe2 43. Kxe2 g5 44. Ke3 Kh5 45. Kd4 g4 46. c5 f4
47. c6 Rf7 48. d6 f3 49. d7 f2 50. d8=Q f1=Q 51. Qg5# 1-0

[Event "European Blitz 2017"]
[Site "Katowice POL"]
[Date "2017.12.15"]
[Round "22.71"]
[White "Wieczorek, Oskar"]
[Black "Kubica, Kamil"]
[Result "0-1"]
[WhiteTitle "IM"]
[WhiteElo "2463"]
[BlackElo "2166"]
[WhiteFideId "1133950"]
[BlackFideId "1146360"]
[EventDate "2017.12.15"]
[EventType "blitz"]

1. Nc3 Nf6 2. Nf3 d5 3. d4 g6 4. Bf4 Bg7 5. h3 O-O 6. Ne5 c5 7. e3 Nc6 8. Nxc6
bxc6 9. Be5 Qb6 10. Rb1 cxd4 11. exd4 Bh6 12. Bxf6 exf6 13. Na4 Qa5+ 14. Nc3 Rb8
15. Qf3 Bf5 16. Kd1 Rfe8 17. Be2 Be4 18. Qg3 Bxg2 19. Re1 Be4 20. f4 Bf5 21. Bg4
Rxe1+ 22. Kxe1 Re8+ 23. Kf2 Bxc2 24. Rc1 Be4 25. Re1 Qb4 26. Qe3 Qxb2+ 27. Re2
Qb6 28. a4 f5 29. Bf3 Qc7 30. Bxe4 Bxf4 31. Qd3 fxe4 32. Qd1 Bg3+ 33. Kg2 Bh4
34. Re3 Qf4 35. Qc1 Qf2+ 36. Kh1 Bg5 37. Qe1 Bxe3 0-1

[Event "European Blitz 2017"]
[Site "Katowice POL"]
[Date "2017.12.15"]
[Round "22.72"]
[White "Borys, Jacek"]
[Black "Sergeev, Vladimir"]
[Result "1-0"]
[BlackTitle "GM"]
[WhiteElo "2023"]
[BlackElo "2406"]
[WhiteFideId "1138049"]
[BlackFideId "14101076"]
[EventDate "2017.12.15"]
[EventType "blitz"]

1. e4 Nf6 2. e5 Nd5 3. c4 Nb6 4. c5 Nd5 5. Nc3 c6 6. Bc4 e6 7. d4 Nxc3 8. bxc3
b6 9. cxb6 axb6 10. Qg4 d5 11. Bd3 Ba6 12. Bxa6 Rxa6 13. Nf3 Nd7 14. O-O Ra4 15.
Bg5 Qc7 16. Qg3 h6 17. Be3 b5 18. Nh4 g5 19. Ng6 fxg6 20. f4 Be7 21. Qg4 Nf8 22.
Rf2 h5 23. Qe2 g4 24. h3 gxh3 25. gxh3 Kd7 26. Rb1 Qa5 27. Bd2 Qa6 28. Qd3 Rxa2
29. Rg2 Qa4 30. Rf1 Qc4 31. Qb1 Kc7 32. Rff2 Rh7 33. Be1 Rxf2 34. Rxf2 Rf7 35.
Qa1 Kb7 36. Ra2 Bc5 37. Ra8 Kc7 38. dxc5 Qxc5+ 39. Bf2 d4 40. Bxd4 Qd5 41. Qa7# 1-0

[Event "European Blitz 2017"]
[Site "Katowice POL"]
[Date "2017.12.15"]
[Round "22.73"]
[White "Michalski, Filip"]
[Black "Amores Gago, Javier"]
[Result "1/2-1/2"]
[WhiteElo "2089"]
[BlackElo "2139"]
[WhiteFideId "1151371"]
[BlackFideId "32004192"]
[EventDate "2017.12.15"]
[EventType "blitz"]

1. d4 d6 2. Nf3 Bg4 3. e3 Nf6 4. c4 e6 5. Nc3 Be7 6. Be2 O-O 7. O-O d5 8. b3 c6
9. Bb2 h6 10. h3 Bh5 11. Rc1 Bg6 12. Ne5 Bh7 13. cxd5 cxd5 14. Nb5 Na6 15. Ba3
Bxa3 16. Nxa3 Nb4 17. Qd2 Qe7 18. Ra1 Rac8 19. Rfc1 Ne4 20. Qe1 a6 21. f3 Nf6
22. Qd2 Nh5 23. Rc3 f6 24. Ng4 Nc6 25. Nc2 Ng3 26. Bd3 Nf5 27. Rc1 h5 28. Nf2
Qd6 29. a3 Kh8 30. b4 Qg3 31. Nh1 Qg5 32. f4 Qg6 33. Ne1 Qf7 34. Nf3 Nd6 35.
Bxh7 Kxh7 36. Nf2 Ne7 37. Rxc8 Rxc8 38. Rxc8 Nexc8 39. Qc2+ Qg6 40. Qxg6+ Kxg6
41. Nd2 Ne7 42. Nd3 b6 43. Kf2 Nc6 44. Nb2 Nb5 45. a4 Nc3 46. b5 axb5 47. axb5
Nxb5 48. Ke2 Nb4 49. Na4 Kf5 50. Nxb6 Nc3+ 51. Kf2 Nd3+ 52. Kf1 Ne4 53. Nf3 Ng3+
54. Kg1 Ke4 55. Nd7 Kxe3 56. Nf8 Nxf4 57. Kh2 Nge2 58. Nh4 g5 59. Nf3 Nxd4 60.
Nxd4 Kxd4 61. g3 Ng6 62. Nxg6 Ke4 63. Kg2 d4 64. Kf2 f5 65. Nf8 e5 66. Nd7 f4
67. Nf6+ Kf5 68. Nxh5 fxg3+ 69. Nxg3+ Kf4 70. Ne2+ Ke4 71. Ng3+ Kf4 72. Ne2+ Ke4
73. Ng3+ Kd3 74. Kf3 Kc2 75. Ke4 d3 76. Nf1 Kd1 77. Kxd3 Ke1 78. Ne3 Kf2 79. Ke4
Kg3 1/2-1/2

[Event "European Blitz 2017"]
[Site "Katowice POL"]
[Date "2017.12.15"]
[Round "22.74"]
[White "Winiarski, Mikolaj"]
[Black "Zimina, Olga"]
[Result "0-1"]
[WhiteTitle "FM"]
[BlackTitle "IM"]
[WhiteElo "2249"]
[BlackElo "2415"]
[WhiteFideId "1159984"]
[BlackFideId "4132190"]
[EventDate "2017.12.15"]
[EventType "blitz"]

1. e4 c6 2. d4 d5 3. Nc3 dxe4 4. Nxe4 Bf5 5. Ng3 Bg6 6. h4 h6 7. Nh3 Nf6 8. Nf4
Bh7 9. Bc4 Nbd7 10. c3 Nb6 11. Bb3 e6 12. Ngh5 Nxh5 13. Nxh5 Bg6 14. O-O Qxh4
15. Nf4 Bh7 16. Re1 O-O-O 17. a4 Nd5 18. g3 Qe7 19. c4 Nxf4 20. Bxf4 Qd7 21. d5
Bb4 22. Re2 Rhe8 23. a5 a6 24. Qd4 c5 25. Qxg7 f6 26. Qxd7+ Rxd7 27. Ba4 Bd3 28.
Bxd7+ Kxd7 29. Rxe6 Rxe6 30. dxe6+ Kxe6 31. Bxh6 Bxc4 32. Bf4 Bd5 33. Bc7 Kd7
34. Bb6 Kc6 35. Rd1 f5 36. Rd3 c4 37. Re3 Be4 38. f3 Bd3 39. Re5 Bd6 40. Re6 Kd7
41. Rg6 Be5 42. Rh6 Bxb2 43. Rh7+ Kc6 44. Rc7+ Kd5 45. Kf2 c3 46. Ke3 Bb5 47.
Bd4 Bc1+ 48. Kf2 Kxd4 49. Ke1 Bd2+ 50. Kd1 Ba4+ 51. Ke2 Bc6 52. Rc8 Bg5 53. Kd1
Bxf3+ 54. Kc2 Be4+ 55. Kb3 c2 0-1